X-Men Actors Quiz - Statistics

General Stats
  • This quiz has been taken 32 times
    31 since last reset
  • The average score is 23 of 40
Answer Stats
Hint Answer % Correct
Famke Janssen / Sophie Turner Jean Grey / Phoenix
100%
Ian McKellen / Michael Fassbender Magneto / Erik Lensherr
100%
Patrick Stewart / James McAvoy Professor X / Charles Xavier
100%
Halle Berry / Alexandra Shipp Storm / Ororo Munroe
100%
Hugh Jackman Wolverine / Logan / James Howlett
100%
James Marsden / Tim Pocock / Tye Sheridan Cyclops / Scott Summers
96%
Rebecca Romjin / Jennifer Lawrence Mystique / Raven Darkhölme
96%
Ryan Reynolds Deadpool / Wade Wilson
92%
Kelsey Grammer / Nicholas Hoult Beast / Hank McCoy
85%
Anna Paquin Rogue / Marie D’Acanto
85%
Alan Cumming / Kodi Smit-McPhee Nightcrawler / Kurt Wagner
77%
Evan Peters Quicksilver / Peter Maximoff
73%
Tyler Mane / Liev Schreiber Sabretooth / Victor Creed
69%
Shawn Ashmore Iceman / Bobby Drake
65%
Sumela Kay / Katie Stuart / Ellen Page Shadowcat / Kitty Pryde
65%
Josh Brolin Cable / Nathan Summers
62%
Donald Mackinnon / Daniel Cudmore / Stefan Kapičić Colossus / Piotr Rasputin
62%
Oscar Isaac En Sabah Nur / Apocalypse
62%
Ray Park / Evan Jonigkeit Toad / Mortimer Toynbee
58%
Taylor Kitsch / Channing Tatum Gambit / Remy LeBeau
54%
Vinnie Jones / Ryan Reynolds Juggernaut / Cain Marko
54%
Alexander Burton / Aaron Stanford Pyro / John Allerdyce
50%
Tahnya Tozzi / January Jones White Queen / Emma Frost
46%
Dafne Keen X-23 / Laura Kinney
46%
Ben Foster / Cayden Boyd / Ben Hardy Angel / Archangel / Warren Worthington III
42%
Lucas Till Havok / Alex Summers
42%
Katrina Florence / Kea Wong / Lana Condor Jubilee / Jubilation Lee
42%
Kelly Hu Lady Deathstrike / Yuriko Oyama
35%
Brianna Hildebrand Negasonic Teenage Warhead / Ellie Phimster
35%
Caleb Jones Banshee / Sean Cassidy
31%
Omar Sy Bishop / Lucas Bishop
31%
Peter Dinklage Bolivar Trask
31%
Morena Baccarin Copycat / Vanessa Carlysle
31%
Edi Gathegi Darwin / Armando Muñoz
31%
Zoë Kravitz Tempest / Angel Salvadore
31%
Zazie Beetz Domino / Neena Thurman
27%
Shioli Kutsuna / Rila Fukushima Yukio
27%
Ed Skrein Ajax / Francis Freeman
19%
Kevin Durand / Gustav Claude Ouimet Blob / Fred Dukes
19%
Bill Skarsgård Zeitgeist / Axel Cluney
19%
No matching quizzes found
Score Distribution
Percent of People with Each Score
Percentile by Number Answered
Your Score History
You have not taken this quiz since the last reset